000 00381 a2200157 4500
001 149942
040 _cEscola São Tomás de Aquino
100 _aSANTA ROSA, Nereide Schilaro
240 1 0 _aFestas e tradições
_lpor
245 1 0 _aFestas e tradições
300 _a31
362 0 _a2001
440 1 _aModerna
697 _aFolclore / Adivinhações / Lendas
942 _cBK
999 _c149942
_d149942